| 000 | 01185nam a2200193 i 4500 | ||
|---|---|---|---|
| 001 | 67985 | ||
| 003 | ES-MaACL | ||
| 005 | 20240416102836.0 | ||
| 007 | t| | ||
| 008 | 040217s1958 sp ||||1| spa d | ||
| 100 | 1 |
_aGallegos, Rómulo. _953598 |
|
| 245 | 1 | 0 |
_aObras completas / _cRómulo Gallegos ; prólogo de Jesús López Pacheco. |
| 260 |
_a[Madrid] : _bAguilar, _c[1958] ( _fOrbe) |
||
| 300 |
_a2 t. : _bil. ; _c19 cm. |
||
| 505 | 8 | _aContiene: T. I: Novelas: Reinaldo solar. La trepadora. Doña Bárbara. Cantaclaro. Cuentos: Sol de antaño. La liberación. Las novias del mendigo. Los aventureros. El apoyo. El piano viejo. El milagro del año. Estrellas sobre el barranco. Los mengánez. Una resolución enérgica. El cuarto de enfrente. El crepúsculo del diablo. El parénteis. La ciudad muerta. Pataruco. Pegijal. La hora menguada. Marina. Paz en las alturas. Un místico. La fruta del cercado ajeno. El maestro. La rebelión. Los emigrantes. -- T. II: Canaima. Pobre negro. El forastero. Sobre la misma tierra. La brizna de paja en el viento | |
| 700 | 1 |
_aLópez Pacheco, Jesús, _d1930-1997 _973855 |
|
| 852 |
_aES-MaACL _jC-15548-9 _bR.43050 |
||
| 999 |
_c67985 _d67985 |
||